[Event "SV Sundern 1 - SK Sodingen / Castrop 1"]
[Site "NRW-Klasse, Gruppe 2 2015/201"]
[Date "2016.03.06"]
[Round "7.7"]
[White "Hille, Ralph Ingo"]
[Black "Kevekordes, Peter"]
[Result "1/2-1/2"]
[WhiteElo "2043"]
[BlackElo "1869"]
[PlyCount "30"]
[EventDate "2016.??.??"]
[WhiteTeam "SK Sodingen / Castrop 1"]
[BlackTeam "SV Sundern 1"]

1. Nf3 d5 2. c4 c6 3. e3 Nf6 4. Nc3 Bf5 5. b3 e6 6. Bb2 h6 7. h3 Be7 8. Be2
Nbd7 9. d3 O-O 10. a3 dxc4 11. bxc4 Nc5 12. d4 Nce4 13. O-O Nxc3 14. Bxc3 Ne4
15. Be1 c5 1/2-1/2

[Event "SV Sundern 1 - SK Sodingen / Castrop 1"]
[Site "NRW-Klasse, Gruppe 2 2015/201"]
[Date "2016.03.06"]
[Round "7.8"]
[White "Schober, Ralf"]
[Black "Ribbeheger, Edgar"]
[Result "0-1"]
[WhiteElo "1964"]
[BlackElo "2020"]
[Annotator "Hausrath,Daniel"]
[PlyCount "90"]
[EventDate "2016.??.??"]
[WhiteTeam "SV Sundern 1"]
[BlackTeam "SK Sodingen / Castrop 1"]

1. Nf3 d5 2. d4 e6 3. e3 Be7 4. Bd3 Nf6 5. Nbd2 O-O 6. O-O b6 7. Ne5 c5 8. b3
Bb7 9. Bb2 Nc6 10. f4 cxd4 11. Nxc6 Bxc6 12. exd4 g6 13. Qe2 Rc8 14. a3 Qc7 15.
Rae1 Ne4 16. Nf3 Bb7 17. g3 f5 18. Ne5 Bd6 19. Kg2 Qe7 20. Ra1 Rc7 21. Nf3 Rfc8
22. Rfc1 a6 23. Kg1 b5 24. b4 Qf6 25. Rf1 $11 h6 26. Rae1 g5 27. Ne5 Bxe5 28.
dxe5 Qg6 29. Bd4 Rg7 30. Kh1 g4 31. Kg1 Nc3 32. Qd2 Rgc7 33. Re3 h5 34. Rfe1 h4
35. Bxf5 Qxf5 36. Rxc3 Rxc3 37. Bxc3 hxg3 38. hxg3 d4 39. Qxd4 Qxc2 40. Bd2 Qc6
41. Re2 Qh1+ 42. Kf2 Bf3 43. Re1 Qg2+ 44. Ke3 Qxg3 45. Qd3 Bd1+ 0-1

[Event "SF Lieme 1 - SC Hansa Dortmund 2"]
[Site "NRW-Klasse, Gruppe 2 2015/201"]
[Date "2016.03.06"]
[Round "7.1"]
[White "Schmittdiel, Eckhard"]
[Black "Himpenmacher, Andy"]
[Result "1-0"]
[WhiteElo "2354"]
[BlackElo "2182"]
[PlyCount "79"]
[EventDate "2016.??.??"]
[WhiteTeam "SC Hansa Dortmund 2"]
[BlackTeam "SF Lieme 1"]

1. Nf3 Nf6 2. g3 d5 3. Bg2 e6 4. O-O Be7 5. b3 O-O 6. Bb2 c5 7. e3 b5 8. Ne5
Bb7 9. f4 Nc6 10. c4 b4 11. d3 Rc8 12. Nd2 dxc4 13. Ndxc4 Nxe5 14. fxe5 Nd5 15.
a3 Nc3 16. Qc2 Bxg2 17. Kxg2 Nb5 18. a4 Nc7 19. Rf3 Qd7 20. Raf1 Nd5 21. e4 Nb6
22. Ne3 Bg5 23. Ng4 Qc7 24. h4 Be7 25. Qf2 Qd7 26. Qe3 Qd8 27. Rf4 c4 28. dxc4
Bc5 29. Qc1 Qe7 30. Nf6+ Kh8 31. Rg4 h6 32. Rxg7 Kxg7 33. Nh5+ Kh7 34. Rf6 Qxf6
35. Nxf6+ Kg7 36. a5 Na8 37. Nh5+ Kh7 38. Qf4 f5 39. Bc1 Rf7 40. Qxh6+ 1-0

[Event "SF Lieme 1 - SC Hansa Dortmund 2"]
[Site "NRW-Klasse, Gruppe 2 2015/201"]
[Date "2016.03.06"]
[Round "7.2"]
[White "Wittke, Rene"]
[Black "Kalka, Arkadius Georg"]
[Result "0-1"]
[WhiteElo "2193"]
[BlackElo "2281"]
[PlyCount "54"]
[EventDate "2016.??.??"]
[WhiteTeam "SF Lieme 1"]
[BlackTeam "SC Hansa Dortmund 2"]

1. e4 c5 2. d4 cxd4 3. c3 Nf6 4. e5 Nd5 5. Qxd4 e6 6. Nf3 Nc6 7. Qe4 f5 8. Qe2
Qc7 9. g3 d6 10. c4 Nb6 11. exd6 Bxd6 12. Nc3 Ne5 13. Nxe5 Bxe5 14. Nb5 Qc5 15.
a3 Bf6 16. Be3 Qc6 17. c5 Na4 18. Rg1 O-O 19. Nd4 Qxc5 20. Rc1 Qd5 21. Bg2 Qa2
22. b3 Qxa3 23. Qc2 Rd8 24. bxa4 Bxd4 25. Bg5 Bd7 26. Bxd8 Rxd8 27. Qd2 Bxa4
0-1

[Event "SF Lieme 1 - SC Hansa Dortmund 2"]
[Site "NRW-Klasse, Gruppe 2 2015/201"]
[Date "2016.03.06"]
[Round "7.3"]
[White "Kahleys, Kevin"]
[Black "Schaffarczyk, Andre"]
[Result "1-0"]
[WhiteElo "2210"]
[BlackElo "2119"]
[PlyCount "67"]
[EventDate "2016.??.??"]
[WhiteTeam "SC Hansa Dortmund 2"]
[BlackTeam "SF Lieme 1"]

1. d4 d5 2. Nf3 Nf6 3. c4 e6 4. g3 Be7 5. Bg2 O-O 6. O-O c6 7. Nc3 b6 8. a4 a5
9. Ne5 Bb7 10. Qb3 Na6 11. Rd1 Nb4 12. Bf4 Nh5 13. e4 Nxf4 14. gxf4 dxc4 15.
Nxc4 Qc7 16. e5 Rfd8 17. Rac1 Rd7 18. Ne4 Qd8 19. Ned6 Ba6 20. f5 Bxc4 21. Nxc4
Rxd4 22. fxe6 fxe6 23. Bh3 Bc5 24. Bxe6+ Kh8 25. Nd6 Bxd6 26. Rxd4 Qg5+ 27. Kf1
Qxc1+ 28. Rd1 Qf4 29. exd6 Qxh2 30. Qf3 Qh4 31. d7 Qe7 32. Qf7 Qd8 33. Rd6 Rb8
34. Bc4 1-0

[Event "SF Lieme 1 - SC Hansa Dortmund 2"]
[Site "NRW-Klasse, Gruppe 2 2015/201"]
[Date "2016.03.06"]
[Round "7.4"]
[White "Stork, Holger"]
[Black "Sundorf, Jannik"]
[Result "1-0"]
[WhiteElo "2041"]
[BlackElo "2099"]
[PlyCount "73"]
[EventDate "2016.??.??"]
[WhiteTeam "SF Lieme 1"]
[BlackTeam "SC Hansa Dortmund 2"]

1. e4 c5 2. Nf3 g6 3. Bc4 Bg7 4. c3 e6 5. O-O Ne7 6. d4 cxd4 7. cxd4 d5 8. Bb5+
Bd7 9. Bxd7+ Nxd7 10. e5 Nc6 11. Bg5 Qb6 12. Qd2 O-O 13. Nc3 Rac8 14. Rfe1 Qb4
15. Rac1 Rfe8 16. a3 Qa5 17. Bh6 a6 18. Bxg7 Kxg7 19. Qf4 h6 20. h4 b5 21. h5
b4 22. hxg6 fxg6 23. axb4 Nxb4 24. Re3 Qd8 25. Qg4 Nf8 26. g3 Re7 27. Kg2 Rb7
28. Qh3 Rc4 29. Rh1 h5 30. Ne2 Nc2 31. Rd3 Rxb2 32. g4 Nb4 33. gxh5 Nxd3 34.
hxg6 Ne1+ 35. Kg3 Qg5+ 36. Nxg5 Rb3+ 37. f3 1-0

[Event "SF Lieme 1 - SC Hansa Dortmund 2"]
[Site "NRW-Klasse, Gruppe 2 2015/201"]
[Date "2016.03.06"]
[Round "7.5"]
[White "Babar, Michael"]
[Black "Niermann, Tristan"]
[Result "0-1"]
[WhiteElo "2087"]
[BlackElo "2019"]
[Annotator "Hausrath,Daniel"]
[PlyCount "78"]
[EventDate "2016.??.??"]
[WhiteTeam "SC Hansa Dortmund 2"]
[BlackTeam "SF Lieme 1"]

1. d4 d5 2. Nf3 Nf6 3. Bf4 c5 4. c3 Nc6 5. e3 Qb6 6. Qb3 c4 7. Qc2 Bf5 8. Qc1
e6 9. Be2 Be7 10. O-O Nh5 11. Nbd2 Nxf4 12. exf4 Bd6 13. g3 O-O 14. Re1 f6 15.
b3 cxb3 16. Nxb3 $11 e5 17. fxe5 fxe5 18. Qd2 Be4 19. Ng5 exd4 20. Nxe4 dxe4
21. Nxd4 Nxd4 22. Qxd4 Bc5 23. Qxe4 Bxf2+ 24. Kh1 Bxe1 25. Rxe1 Kh8 26. Bd3 Qh6
27. Qxb7 Rab8 28. Qe7 Qc6+ 29. Qe4 Qxe4+ 30. Rxe4 Rf2 31. a4 Rd2 32. Bf1 g6 33.
Re1 Rbb2 34. h4 Ra2 35. Re4 Ra1 36. Kg1 Rd3 37. Kf2 Ra2+ 38. Be2 Rxc3 39. Re7
Rxa4 0-1

[Event "SF Lieme 1 - SC Hansa Dortmund 2"]
[Site "NRW-Klasse, Gruppe 2 2015/201"]
[Date "2016.03.06"]
[Round "7.6"]
[White "Essing, Arnold"]
[Black "Berndt, Joachim"]
[Result "1-0"]
[WhiteElo "2201"]
[BlackElo "2073"]
[PlyCount "83"]
[EventDate "2016.??.??"]
[WhiteTeam "SF Lieme 1"]
[BlackTeam "SC Hansa Dortmund 2"]

1. d4 d5 2. Nf3 Nf6 3. c4 c6 4. Nc3 dxc4 5. e4 b5 6. e5 Nd5 7. a4 e6 8. axb5
Nxc3 9. bxc3 cxb5 10. Ng5 Bb7 11. Qh5 g6 12. Qg4 Be7 13. Be2 Bd5 14. Bf3 a5 15.
O-O Nc6 16. Ne4 h5 17. Qg3 Rc8 18. Nd6+ Bxd6 19. Bxd5 Be7 20. Be4 Nxd4 21. cxd4
Qxd4 22. Bb7 h4 23. Qf3 Qxa1 24. Bc6+ Kf8 25. Bh6+ Rxh6 26. Rxa1 Rc7 27. Bxb5
Rh5 28. Qa8+ Kg7 29. Qxa5 Rc5 30. f4 Rf5 31. g3 g5 32. Rf1 gxf4 33. gxf4 h3 34.
Qa7 Bf8 35. Ba4 Rd5 36. Kh1 Bc5 37. Qc7 Be3 38. Qxc4 Rc5 39. Qe2 Rxf4 40. Rxf4
Bxf4 41. Qg4+ Kf8 42. Qxf4 1-0

[Event "SF Lieme 1 - SC Hansa Dortmund 2"]
[Site "NRW-Klasse, Gruppe 2 2015/201"]
[Date "2016.03.06"]
[Round "7.7"]
[White "Prueske, Wolfgang"]
[Black "Schulte, Oliver"]
[Result "1/2-1/2"]
[WhiteElo "2035"]
[BlackElo "2016"]
[Annotator "Hausrath,Daniel"]
[PlyCount "86"]
[EventDate "2016.??.??"]
[WhiteTeam "SC Hansa Dortmund 2"]
[BlackTeam "SF Lieme 1"]

1. e4 c6 2. d4 d5 3. Nc3 dxe4 4. Nxe4 Nf6 5. Nxf6+ exf6 6. Nf3 Bd6 7. Bd3 O-O
8. O-O Nd7 9. c3 Qc7 10. Qe2 Rd8 11. Qe4 Nf8 12. Qh4 Be6 13. Be3 Ng6 14. Qh5
Qd7 15. h3 Bc7 16. Rfd1 Qd5 17. Qxd5 cxd5 18. b3 Rac8 19. c4 Bd6 $11 20. c5 Bc7
21. b4 f5 22. a4 h6 23. b5 b6 24. c6 Ne7 25. Bd2 g5 26. Bb4 Ng6 27. Re1 Kg7 28.
a5 g4 29. Ne5 Nf4 30. Bf1 gxh3 31. g3 Ng6 32. Nxg6 Kxg6 33. Bxh3 Kf6 34. f4 h5
35. Re3 h4 36. gxh4 Rh8 37. axb6 axb6 38. Ra7 Rxh4 39. Kf1 Rxf4+ 40. Ke2 Re4
41. Bg2 Rxe3+ 42. Kxe3 f4+ 43. Kf2 Kg5 1/2-1/2

[Event "SF Lieme 1 - SC Hansa Dortmund 2"]
[Site "NRW-Klasse, Gruppe 2 2015/201"]
[Date "2016.03.06"]
[Round "7.8"]
[White "Hoffmann, Andreas"]
[Black "Hillebrand, Carsten"]
[Result "1/2-1/2"]
[WhiteElo "1849"]
[BlackElo "1892"]
[PlyCount "54"]
[EventDate "2016.??.??"]
[WhiteTeam "SF Lieme 1"]
[BlackTeam "SC Hansa Dortmund 2"]

1. d4 Nf6 2. Nf3 g6 3. Nbd2 d5 4. e3 Bg7 5. b4 O-O 6. Be2 Ne4 7. Bb2 c5 8. bxc5
Nxc5 9. c4 dxc4 10. Nxc4 Ne4 11. O-O Nd7 12. a4 Ndf6 13. Nfe5 Be6 14. f3 Nd6
15. e4 Nxc4 16. Nxc4 Bxc4 17. Bxc4 Rc8 18. Qb3 Nd7 19. Rfd1 Nb6 20. Be2 Rc7 21.
a5 Nc8 22. a6 b6 23. Rd3 Nd6 24. Rdd1 Bh6 25. g3 Qd7 26. Kg2 Rfc8 27. Bd3 Nc4
1/2-1/2

[Event "Klub Kölner SF 1 - Düsseldorfer SK 1"]
[Site "Oberliga NRW 2015/2016"]
[Date "2016.04.03"]
[Round "8.1"]
[White "Andersson, Ulf"]
[Black "Seul, Georg"]
[Result "1/2-1/2"]
[WhiteElo "2448"]
[BlackElo "2350"]
[PlyCount "27"]
[EventDate "2016.??.??"]
[WhiteTeam "Düsseldorfer SK 1"]
[BlackTeam "Klub Kölner SF 1"]

1. Nf3 d5 2. d4 Bf5 3. Bf4 e6 4. e3 Nf6 5. Bd3 c6 6. Nbd2 Bxd3 7. cxd3 Nbd7 8.
h3 Be7 9. O-O O-O 10. Rb1 Qa5 11. Qc2 Rfc8 12. Rfc1 b6 13. a3 c5 14. dxc5
1/2-1/2

[Event "Klub Kölner SF 1 - Düsseldorfer SK 1"]
[Site "Oberliga NRW 2015/2016"]
[Date "2016.04.03"]
[Round "8.2"]
[White "Strohhaeker, Raoul"]
[Black "Coenen, Michael"]
[Result "1-0"]
[WhiteElo "2375"]
[BlackElo "2355"]
[PlyCount "71"]
[EventDate "2016.??.??"]
[WhiteTeam "Klub Kölner SF 1"]
[BlackTeam "Düsseldorfer SK 1"]

1. Nf3 Nf6 2. c4 c5 3. Nc3 g6 4. e3 Bg7 5. d4 cxd4 6. exd4 O-O 7. Be2 d5 8. O-O
dxc4 9. Bxc4 Bg4 10. Re1 Nc6 11. d5 Na5 12. Bf1 Rc8 13. h3 Bxf3 14. Qxf3 a6 15.
Bg5 h6 16. Bf4 Re8 17. Rad1 Nd7 18. Ne4 Nc4 19. Bxc4 Rxc4 20. Qe3 g5 21. Bh2
Rc8 22. h4 gxh4 23. Bf4 Qb6 24. Qh3 Nf8 25. d6 exd6 26. Be3 Qxb2 27. Nxd6 Rcd8
28. Nxe8 Rxe8 29. Qxh4 Re6 30. a4 Qc2 31. Rc1 Qf5 32. Bd4 Rxe1+ 33. Rxe1 Qa5
34. Re4 Ng6 35. Qg4 Bxd4 36. Re8+ 1-0

[Event "Klub Kölner SF 1 - Düsseldorfer SK 1"]
[Site "Oberliga NRW 2015/2016"]
[Date "2016.04.03"]
[Round "8.3"]
[White "Stark, Lars"]
[Black "Morawietz, Dieter"]
[Result "0-1"]
[WhiteElo "2357"]
[BlackElo "2369"]
[Annotator "Hausrath,Daniel"]
[PlyCount "138"]
[EventDate "2016.??.??"]
[WhiteTeam "Düsseldorfer SK 1"]
[BlackTeam "Klub Kölner SF 1"]

1. c4 e5 2. g3 Nf6 3. Bg2 c6 4. Nf3 e4 5. Nd4 Qb6 6. Nc2 d5 7. O-O dxc4 8. Nc3
Be6 9. Ne3 Nbd7 10. Nxe4 Nxe4 11. Bxe4 h5 12. Qc2 Qc5 13. Bf5 Bxf5 14. Qxf5
Qxf5 15. Nxf5 Nc5 16. Ne3 b5 17. Rb1 Rh6 18. b3 cxb3 19. axb3 Re6 20. d3 a5 21.
Ba3 b4 22. Bc1 a4 23. bxa4 Nxa4 24. Bd2 c5 25. Rfc1 g6 26. Kf1 Kd7 27. Nd5 Nb6
28. Nxb6+ Rxb6 29. Ke1 Ra2 30. Kd1 Rb5 31. Rc4 Bg7 32. Be3 Kd6 33. Bxc5+ $11
Rxc5 34. Rbxb4 Bh6 35. f4 Ra1+ 36. Kd2 Rxc4 37. Rxc4 Rh1 38. Ke3 Rxh2 39. Kf3
Rh1 40. Re4 Rf1+ 41. Kg2 Ra1 42. Rb4 Ra6 43. Kf3 Bf8 44. Rb8 Be7 45. d4 Ra3+
46. e3 Kc7 47. Rb2 Bd6 48. Kf2 Kc6 49. Kf3 Rc3 50. Rb1 Ba3 51. Rb8 Kd7 52. Rb7+
Rc7 53. Rb5 Bd6 54. Rb3 Ra7 55. Rb2 Ke6 56. Rb6 Kd7 57. Ke4 Bc7 58. Rb3 Ra5 59.
Kf3 g5 60. e4 g4+ 61. Ke3 f6 62. d5 Ra4 63. Rb7 Ra3+ 64. Kd4 Kc8 65. Rb1 h4 66.
Kc5 hxg3 67. d6 Ra5+ 68. Kb4 Ra6 69. Rc1 Rxd6 0-1

[Event "Klub Kölner SF 1 - Düsseldorfer SK 1"]
[Site "Oberliga NRW 2015/2016"]
[Date "2016.04.03"]
[Round "8.4"]
[White "Wacker, Peter"]
[Black "de Gleria, Francesco"]
[Result "0-1"]
[WhiteElo "2270"]
[BlackElo "2346"]
[Annotator "Hausrath,Daniel"]
[PlyCount "76"]
[EventDate "2016.??.??"]
[WhiteTeam "Klub Kölner SF 1"]
[BlackTeam "Düsseldorfer SK 1"]

1. e4 c5 2. Nf3 d6 3. Bb5+ Bd7 4. Bxd7+ Qxd7 5. O-O Nc6 6. c3 Nf6 7. d3 e6 8.
Qe2 Be7 9. Nbd2 O-O 10. Rd1 b5 11. Nf1 Qb7 12. Ng3 Rac8 13. Bg5 h6 14. Bxf6
Bxf6 15. d4 cxd4 16. cxd4 Nb4 17. Qd2 a5 18. a3 Rc2 19. Qe3 Na6 20. Rac1 Rfc8
21. Rxc2 Rxc2 22. Ne1 Rc4 23. Ne2 d5 24. e5 Be7 25. f4 a4 26. b4 axb3 27. Qxb3
Nc7 28. Nc2 Qa7 29. Rd3 Qa5 30. Kf2 Bh4+ 31. g3 Be7 32. Re3 h5 33. Rd3 Na8 34.
Nc3 Nb6 35. Ne3 b4 36. axb4 Rxb4 37. Qc2 Nc4 38. Ncd1 Qa1 {ZÜ} 0-1

[Event "Klub Kölner SF 1 - Düsseldorfer SK 1"]
[Site "Oberliga NRW 2015/2016"]
[Date "2016.04.03"]
[Round "8.5"]
[White "Hainke, Guntram"]
[Black "Zuse, Peter"]
[Result "1/2-1/2"]
[WhiteElo "2306"]
[BlackElo "2184"]
[PlyCount "231"]
[EventDate "2016.??.??"]
[WhiteTeam "Düsseldorfer SK 1"]
[BlackTeam "Klub Kölner SF 1"]

1. d4 Nf6 2. c4 g6 3. Nc3 d5 4. cxd5 Nxd5 5. e4 Nxc3 6. bxc3 c5 7. Nf3 Bg7 8.
Be3 Qa5 9. Qd2 O-O 10. Rb1 a6 11. Rc1 Bg4 12. Ng5 b5 13. h3 Bc8 14. Bd3 Rd8 15.
d5 c4 16. Bb1 e6 17. O-O Nc6 18. Qe2 exd5 19. exd5 Ne5 20. Bd4 Qc7 21. Be4 Rb8
22. Rcd1 h6 23. Nf3 Nxf3+ 24. Bxf3 Bf5 25. Rfe1 Bxd4 26. Rxd4 Rd6 27. Qe5 a5
28. Rh4 f6 29. Qe3 h5 30. Rd4 Bd3 31. Qh6 Qg7 32. Qf4 Rbd8 33. Be4 Qe7 34. Re3
Qe5 35. Qh6 Qg5 36. Qxg5 fxg5 37. Bxd3 cxd3 38. Re5 Rc8 39. Rxd3 b4 40. cxb4
axb4 41. Rd2 g4 42. hxg4 hxg4 43. Kh2 Rc4 44. Kg3 Kf7 45. Kh4 Kf6 46. Rde2 Rd7
47. Kg3 Rd4 48. Re6+ Kf7 49. Rb6 R7xd5 50. Rb2 Ra5 51. R6xb4 Rxb4 52. Rxb4 Rxa2
53. Rxg4 Kg7 54. Rb4 Ra7 55. f3 Rc7 56. Kf4 Ra7 57. Rd4 Rb7 58. g3 Rf7+ 59. Kg4
Ra7 60. Rd5 Rb7 61. Kf4 Rf7+ 62. Ke4 Re7+ 63. Re5 Ra7 64. f4 Ra4+ 65. Kf3 Ra7
66. g4 Rb7 67. Rd5 Re7 68. Re5 Ra7 69. Kg3 Rb7 70. Kh4 Ra7 71. Kg5 Rb7 72. Re6
Rb5+ 73. Re5 Rb7 74. Rc5 Ra7 75. Rb5 Rc7 76. Rb6 Rc5+ 77. f5 gxf5 78. Rb7+ Kf8
79. gxf5 Rc6 80. Ra7 Rb6 81. Rc7 Ra6 82. Rb7 Rc6 83. Kf4 Ra6 84. Rd7 Ra4+ 85.
Kg5 Ra6 86. Rh7 Rb6 87. Kh5 Ra6 88. Kg4 Ra4+ 89. Kg5 Ra6 90. Rh8+ Kf7 91. Rh1
Rb6 92. Ra1 Rc6 93. Ra8 Rb6 94. Ra5 Rc6 95. Ra7+ Kf8 96. Kf4 Rb6 97. Rd7 Ra6
98. Ke5 Rb6 99. Rd6 Rxd6 100. Kxd6 Kf7 101. Ke5 Ke7 102. Ke4 Kf6 103. Kf4 Kf7
104. Kg5 Kg7 105. Kh5 Kf6 106. Kg4 Kf7 107. Kg5 Kg7 108. f6+ Kf7 109. Kf5 Kf8
110. Kf4 Kf7 111. Ke5 Kf8 112. Kf5 Kf7 113. Kg5 Kf8 114. Kg6 Kg8 115. f7+ Kf8
116. Kf6 1/2-1/2

[Event "Klub Kölner SF 1 - Düsseldorfer SK 1"]
[Site "Oberliga NRW 2015/2016"]
[Date "2016.04.03"]
[Round "8.6"]
[White "Helbig, Mark"]
[Black "Schuh, Dirk"]
[Result "1/2-1/2"]
[WhiteElo "2271"]
[BlackElo "2329"]
[PlyCount "87"]
[EventDate "2016.??.??"]
[WhiteTeam "Klub Kölner SF 1"]
[BlackTeam "Düsseldorfer SK 1"]

1. c4 e5 2. g3 Nf6 3. Bg2 c6 4. Nc3 d5 5. cxd5 cxd5 6. d3 d4 7. Nb1 Bb4+ 8. Bd2
Bxd2+ 9. Nxd2 O-O 10. Ngf3 Nc6 11. O-O Be6 12. Qa4 Bd5 13. Rac1 Qe7 14. a3 a6
15. Rfe1 b5 16. Qd1 Rac8 17. e3 dxe3 18. Rxe3 Rfd8 19. Bh3 Rc7 20. Qe1 Qd6 21.
Nxe5 Nxe5 22. Rxc7 Qxc7 23. Rxe5 Qc2 24. b4 Qc3 25. Re3 Qxa3 26. Ne4 Bxe4 27.
dxe4 Qa4 28. Qc3 Qd1+ 29. Kg2 Qd4 30. e5 Qxc3 31. Rxc3 Nd5 32. Rb3 Kf8 33. Kf3
Nb6 34. Ra3 Nc4 35. Rxa6 Nxe5+ 36. Ke3 Nd3 37. Rb6 Nxb4 38. Rxb5 Nc2+ 39. Kf4
Rd2 40. Rb8+ Ke7 41. Rb7+ Kf6 42. Rb6+ Ke7 43. Rb7+ Kf6 44. Rb6+ 1/2-1/2

[Event "Klub Kölner SF 1 - Düsseldorfer SK 1"]
[Site "Oberliga NRW 2015/2016"]
[Date "2016.04.03"]
[Round "8.7"]
[White "Miedema, David"]
[Black "Bonnmann, Reinhard"]
[Result "1-0"]
[WhiteElo "2337"]
[BlackElo "2237"]
[PlyCount "93"]
[EventDate "2016.??.??"]
[WhiteTeam "Düsseldorfer SK 1"]
[BlackTeam "Klub Kölner SF 1"]

1. d4 Nf6 2. c4 g6 3. f3 Bg7 4. e4 O-O 5. Ne2 c6 6. Nbc3 d5 7. cxd5 cxd5 8. e5
Ne8 9. Qb3 Nc6 10. Qxd5 Nc7 11. Qxd8 Rxd8 12. Be3 Be6 13. a3 b5 14. Rc1 Bc4 15.
Kf2 f6 16. exf6 Bxf6 17. Ne4 Nd5 18. Nxf6+ exf6 19. b3 Nxe3 20. Kxe3 Re8+ 21.
Kf2 Bxe2 22. Rxc6 Bxf1 23. Rxf1 Rad8 24. Rd1 Kf7 25. d5 Rd7 26. d6 Re5 27. f4
Re4 28. Kf3 f5 29. g4 a5 30. gxf5 gxf5 31. Rc5 Ke6 32. Rxf5 Re1 33. Rxe1+ Kxf5
34. Re5+ Kf6 35. Rd5 Kf7 36. Ke4 Ke8 37. Ke5 Rg7 38. Rxb5 Rg2 39. Rb8+ Kd7 40.
Rb7+ Kd8 41. Rxh7 Re2+ 42. Kd5 Re3 43. f5 a4 44. bxa4 Rxa3 45. f6 Rxa4 46. f7
Rf4 47. Ke5 1-0

[Event "Klub Kölner SF 1 - Düsseldorfer SK 1"]
[Site "Oberliga NRW 2015/2016"]
[Date "2016.04.03"]
[Round "8.8"]
[White "Wisskirchen, Andreas"]
[Black "Fischdick, Gisela"]
[Result "1/2-1/2"]
[WhiteElo "2188"]
[BlackElo "2154"]
[PlyCount "28"]
[EventDate "2016.??.??"]
[WhiteTeam "Klub Kölner SF 1"]
[BlackTeam "Düsseldorfer SK 1"]

1. Nf3 d5 2. d4 Nf6 3. c4 c6 4. e3 Bg4 5. Qb3 Qb6 6. Ne5 e6 7. Nxg4 Nxg4 8. Be2
Nf6 9. O-O Nbd7 10. Nc3 Be7 11. Bd2 O-O 12. cxd5 Qxb3 13. axb3 exd5 14. Bd3
Rfe8 1/2-1/2

[Event "SVG Plettenberg 1 - SV Wattenscheid 1"]
[Site "Oberliga NRW 2015/2016"]
[Date "2016.04.03"]
[Round "8.1"]
[White "Kerigan, Demre"]
[Black "Haub, Thorsten Michael"]
[Result "1/2-1/2"]
[WhiteElo "2366"]
[BlackElo "2313"]
[PlyCount "60"]
[EventDate "2016.??.??"]
[WhiteTeam "SV Wattenscheid 1"]
[BlackTeam "SVG Plettenberg 1"]

1. e4 g6 2. d4 Bg7 3. Nf3 d6 4. c3 Nd7 5. Bc4 e6 6. Bg5 Ne7 7. h4 h6 8. Be3 a6
9. h5 g5 10. Nbd2 Nf6 11. Qe2 Ng4 12. Nf1 Nxe3 13. Nxe3 Nc6 14. Bb3 Bd7 15.
O-O-O Qe7 16. d5 Ne5 17. Nxe5 Bxe5 18. g3 O-O-O 19. Rhf1 Bg7 20. dxe6 fxe6 21.
f4 Rhf8 22. Qg4 Kb8 23. Rde1 Rde8 24. Bc2 Bh8 25. Qh3 gxf4 26. gxf4 e5 27. f5
Bf6 28. Bb3 Bg5 29. Kb1 Rd8 30. Rd1 Qe8 1/2-1/2

[Event "SVG Plettenberg 1 - SV Wattenscheid 1"]
[Site "Oberliga NRW 2015/2016"]
[Date "2016.04.03"]
[Round "8.2"]
[White "Bosch, Jeroen"]
[Black "Hopman, Pieter"]
[Result "1/2-1/2"]
[WhiteElo "2352"]
[BlackElo "2302"]
[PlyCount "98"]
[EventDate "2016.??.??"]
[WhiteTeam "SVG Plettenberg 1"]
[BlackTeam "SV Wattenscheid 1"]

1. e4 d6 2. d4 Nf6 3. Nc3 e5 4. Nf3 Nbd7 5. Bc4 Be7 6. O-O O-O 7. a4 c6 8. Re1
h6 9. Ba2 Nh7 10. Ne2 Ng5 11. Nxg5 Bxg5 12. f4 Bh4 13. Ng3 Nf6 14. c3 exd4 15.
e5 Bxg3 16. hxg3 Bg4 17. Qd3 Re8 18. cxd4 d5 19. Bb1 Qd7 20. Bd2 Ne4 21. Qe3
Bf5 22. Rf1 Nf6 23. Bd3 Ng4 24. Qf3 Bxd3 25. Qxd3 f5 26. Rfc1 a5 27. Kf1 Reb8
28. Ke2 Qe6 29. Be1 Nf6 30. Kf1 Ne4 31. Rc2 b6 32. Rd1 Rd8 33. Bf2 Qg6 34. Rdc1
Rdc8 35. Qb3 Rab8 36. Kg1 Qe6 37. Rd1 Kf7 38. Qd3 Qd7 39. Be1 g6 40. Bf2 b5 41.
axb5 cxb5 42. Rdc1 Rc4 43. b3 Rxc2 44. Rxc2 Ra8 45. Be1 Ra7 46. Kh2 h5 47. Qd1
a4 48. bxa4 Rxa4 49. Rb2 Ra7 1/2-1/2

[Event "SVG Plettenberg 1 - SV Wattenscheid 1"]
[Site "Oberliga NRW 2015/2016"]
[Date "2016.04.03"]
[Round "8.3"]
[White "Peelen, Piet"]
[Black "Klip, Hans"]
[Result "1/2-1/2"]
[WhiteElo "2309"]
[BlackElo "2346"]
[PlyCount "34"]
[EventDate "2016.??.??"]
[WhiteTeam "SV Wattenscheid 1"]
[BlackTeam "SVG Plettenberg 1"]

1. d4 f5 2. g3 Nf6 3. Bg2 g6 4. Nf3 Bg7 5. O-O O-O 6. c4 d6 7. Nc3 c6 8. Rb1
Kh8 9. b4 Be6 10. d5 cxd5 11. cxd5 Bg8 12. Nd4 Qc8 13. Bb2 Na6 14. a3 Nc7 15.
Nb3 Qd7 16. Qd3 Rac8 17. Rfd1 Rfe8 1/2-1/2

[Event "SVG Plettenberg 1 - SV Wattenscheid 1"]
[Site "Oberliga NRW 2015/2016"]
[Date "2016.04.03"]
[Round "8.4"]
[White "Bouaraba, Max"]
[Black "De Rover, Yong Hoon"]
[Result "0-1"]
[WhiteElo "2197"]
[BlackElo "2329"]
[PlyCount "86"]
[EventDate "2016.??.??"]
[WhiteTeam "SVG Plettenberg 1"]
[BlackTeam "SV Wattenscheid 1"]

1. d4 Nf6 2. Bf4 g6 3. e3 Bg7 4. c4 c5 5. Nc3 cxd4 6. exd4 d5 7. cxd5 O-O 8.
Bc4 b5 9. Nxb5 Nxd5 10. Bxd5 Qxd5 11. Nc7 Qxg2 12. Qf3 Bb7 13. d5 Qxf3 14. Nxf3
Na6 15. Nxa8 Bxd5 16. Ke2 Rxa8 17. Rad1 Bc4+ 18. Ke3 Nb4 19. Be5 Bh6+ 20. Bf4
Nc2+ 21. Kd2 Bxf4+ 22. Kxc2 Be2 23. Nd4 Bxd1+ 24. Rxd1 Bxh2 25. b4 Rc8+ 26. Kb3
Be5 27. Nb5 a6 28. Na3 Rc3+ 29. Ka4 Bd6 30. Nb1 Rc6 31. Nd2 f5 32. Kb3 h5 33.
a4 Rb6 34. b5 axb5 35. a5 Ra6 36. Ra1 Kg7 37. Nf3 Kf6 38. Ra2 e5 39. Rd2 e4 40.
Nd4 Rxa5 41. Nxf5 Ra3+ 42. Kb2 Kxf5 43. Rxd6 Rf3 0-1

[Event "SVG Plettenberg 1 - SV Wattenscheid 1"]
[Site "Oberliga NRW 2015/2016"]
[Date "2016.04.03"]
[Round "8.5"]
[White "Franke, Johannes"]
[Black "Schulze, Marc"]
[Result "1/2-1/2"]
[WhiteElo "2257"]
[BlackElo "2111"]
[PlyCount "61"]
[EventDate "2016.??.??"]
[WhiteTeam "SV Wattenscheid 1"]
[BlackTeam "SVG Plettenberg 1"]

1. e4 c5 2. Nc3 g6 3. g3 Bg7 4. Bg2 Nc6 5. d3 e6 6. f4 Nge7 7. Be3 Nd4 8. e5 d6
9. exd6 Nef5 10. Bf2 Qxd6 11. Ne4 Qb6 12. Rb1 Nd6 13. c3 Nxe4 14. dxe4 Nc6 15.
Ne2 a5 16. Qa4 Ra6 17. O-O Bf8 18. Rfd1 Be7 19. Nc1 O-O 20. Nd3 Nb8 21. Qc4 Qc7
22. b4 axb4 23. cxb4 b6 24. bxc5 bxc5 25. e5 Nd7 26. Nb4 Rb6 27. Rb3 Bb7 28.
Bxb7 Qxb7 29. Nd3 Rxb3 30. axb3 h5 31. Ne1 1/2-1/2

[Event "SVG Plettenberg 1 - SV Wattenscheid 1"]
[Site "Oberliga NRW 2015/2016"]
[Date "2016.04.03"]
[Round "8.7"]
[White "Koerber, Matthias"]
[Black "Noelke, Manfred"]
[Result "1-0"]
[WhiteElo "2139"]
[BlackElo "1924"]
[Annotator "Hausrath,Daniel"]
[PlyCount "121"]
[EventDate "2016.??.??"]
[WhiteTeam "SV Wattenscheid 1"]
[BlackTeam "SVG Plettenberg 1"]

1. d4 d5 2. c4 dxc4 3. e3 Be6 4. Na3 Nf6 5. Nxc4 g6 6. Bd3 Bg7 7. Ne2 O-O 8.
Nf4 Bxc4 9. Bxc4 e5 10. dxe5 Qxd1+ 11. Kxd1 Ng4 12. Ke2 Nxe5 $11 13. Bb3 c5 14.
Bd2 c4 15. Bc2 Nbc6 16. Rac1 Rab8 17. b3 Rfd8 18. Bc3 b5 19. Be4 cxb3 20. Bxc6
bxa2 21. Bd5 g5 22. Ba5 Rdc8 23. Nh5 Rxc1 24. Rxc1 Nd3 25. Kxd3 a1=Q 26. Rxa1
Bxa1 27. Bb4 g4 28. e4 Be5 29. Ng3 Bxg3 30. hxg3 Rc8 31. Bb3 Rc1 32. Bd5 Ra1
33. Bc3 Rf1 34. Ke3 Rb1 35. e5 Rc1 36. Kd2 Rf1 37. f4 gxf3 38. gxf3 Rf2+ 39.
Kd3 Rg2 40. g4 Rh2 41. Bc6 a6 42. Bd2 h5 43. gxh5 Rxh5 44. Ke4 Rh2 45. Ke3 Rh6
46. Bd5 Kf8 47. Ke4 Rh4+ 48. f4 Rh2 49. Bb4+ Ke8 50. Kf5 Rb2 51. Bc6+ Kd8 52.
Bc3 Rc2 53. Ba5+ Ke7 54. Bb4+ Kd8 55. Bd5 Rb2 56. Be1 b4 57. Bxf7 Ke7 58. e6 a5
59. Bh4+ Kf8 60. Kf6 Re2 61. Bf2 1-0